000 00503nam a2200205Ia 4500
001 26498
008 140414s9999 xx 000 0 und d
020 _a0-07-112270-2
040 _cPK-LaUMT
082 _a 515
_bSMI-C
100 _aRobert T. Smith
245 _aCalculus
_bmultivariable
_cRobert T. Smith<>Roland B. Minton
250 _a2nd
260 _aBoston,USA:
_bMcGraw-Hill,
_c2002
300 _a427 p.
546 _aEN
650 _aCalculus
700 _aRoland B. Minton
942 _cBK
999 _c26659
_d26659